Skład reprezentacji Polski w siatkówce na MŚ 2018 - Statystyki

Ogólne statystyki
  • Ten quiz został rozwiązany 2 690 razy
  • Średni wynik to 8 z 14
Statystyki odpowiedzi
Numer Imię i nazwisko Wzrost Klub Pozycja % Poprawnych
6 Bartosz Kurek 205 cm Stocznia Szczecin Atakujący
98%
17 Paweł Zatorski 184 cm ZAKSA Kędzierzyn-Koźle Libero
75%
13 Michał Kubiak 191 cm Panasonic Panthers Przyjmujący
68%
15 Jakub Kochanowski 199 cm Skra Bełchatów Środkowy
63%
14 Aleksander Śliwka 196 cm ZAKSA Kędzierzyn-Koźle Przyjmujący
62%
20 Mateusz Bieniek 210 cm ZAKSA Kędzierzyn-Koźle Środkowy
62%
11 Fabian Drzyzga 196 cm Lokomotiw Nowosybirsk Rozgrywający
59%
12 Grzegorz Łomacz 187 cm Skra Bełchatów Rozgrywający
56%
1 Piotr Nowakowski 205 cm Trefl Gdańsk Środkowy
56%
10 Damian Wojtaszek 180 cm Onico Warszawa Libero
40%
7 Artur Szalpuk 201 cm Skra Bełchatów Przyjmujący
39%
18 Bartosz Kwolek 193 cm Onico Warszawa Przyjmujący
31%
3 Dawid Konarski 198 cm Jastrzębski Węgiel Atakujący
31%
8 Damian Schulz 208 cm Resovia Atakujący
18%
Nie znaleziono quizów pasujących do podanych kryteriów
Rozkład punktacji
Procent ludzi z każdym wynikiem
Percentyl według liczby udzielonych odpowiedzi
Twoja historia wyników
Nie rozwiązałeś tego quizu